[Event "Open Praha 2018 - A"]
[Site "?"]
[Date "2018.01.12"]
[Round "1"]
[White "Ziogas, Modestas"]
[Black "Kiriakov, Petr"]
[Result "0-1"]
[BlackElo "2528"]
[WhiteElo "2073"]
[LiveChessVersion "1.4.8"]

1. d4 {[%clk 1:30:51]} e6 {[%clk 1:30:34]} 2. Nc3 {[%clk 1:31:10]} Nf6
{[%clk 1:28:02]} 3. Bg5 {[%clk 1:31:36]} d5 {[%clk 1:27:52]} 4. Qd3
{[%clk 1:32:02]} Be7 {[%clk 1:25:41]} 5. O-O-O {[%clk 1:32:24]} Nbd7
{[%clk 1:21:51]} 6. h4 {[%clk 1:21:20]} c5 {[%clk 1:16:55]} 7. e4
{[%clk 1:20:51]} cxd4 {[%clk 1:12:09]} 8. Qxd4 {[%clk 1:21:15]} e5
{[%clk 1:11:33]} 9. Qa4 {[%clk 1:20:41]} d4 {[%clk 1:11:26]} 10. Bxf6
{[%clk 1:21:08]} Bxf6 {[%clk 1:11:47]} 11. Nd5 {[%clk 1:21:13]} O-O
{[%clk 1:11:59]} 12. Nxf6+ {[%clk 1:19:30]} Qxf6 {[%clk 1:11:20]} 13. f3
{[%clk 1:19:35]} Nc5 {[%clk 1:09:02]} 14. Qa3 {[%clk 1:18:28]} b6
{[%clk 1:08:30]} 15. g4 {[%clk 1:12:48]} Bb7 {[%clk 1:02:07]} 16. g5
{[%clk 1:12:10]} Qc6 {[%clk 1:02:07]} 17. Kb1 {[%clk 1:09:08]} a5
{[%clk 0:59:28]} 18. b3 {[%clk 1:08:17]} b5 {[%clk 0:56:01]} 19. h5
{[%clk 1:07:40]} b4 {[%clk 0:55:09]} 20. Qc1 {[%clk 1:08:02]} a4 {[%clk 0:53:34]}
21. Bc4 {[%clk 1:08:22]} axb3 {[%clk 0:53:11]} 22. cxb3 {[%clk 1:08:01]} Nxe4
{[%clk 0:52:00]} 23. fxe4 {[%clk 1:07:39]} Qxe4+ {[%clk 0:52:25]} 24. Bd3
{[%clk 1:07:58]} Qxh1 {[%clk 0:52:47]} 25. g6 {[%clk 1:08:00]} Be4
{[%clk 0:52:19]} 26. gxh7+ {[%clk 1:08:10]} Kh8 {[%clk 0:52:39]} 0-1

[Event "Open Praha 2018 - A"]
[Site "?"]
[Date "2018.01.12"]
[Round "1"]
[White "Stefansson, Hannes"]
[Black "Danielmeier, Ralf"]
[Result "1-0"]
[BlackElo "2071"]
[WhiteElo "2523"]
[LiveChessVersion "1.4.8"]

1. e4 {[%clk 1:30:53]} d5 {[%clk 1:30:46]} 2. exd5 {[%clk 1:31:12]} Qxd5
{[%clk 1:31:08]} 3. Nc3 {[%clk 1:31:26]} Qa5 {[%clk 1:31:26]} 4. d4
{[%clk 1:31:26]} Nf6 {[%clk 1:31:34]} 5. Nf3 {[%clk 1:31:07]} Bf5
{[%clk 1:31:41]} 6. Bd2 {[%clk 1:24:06]} e6 {[%clk 1:31:00]} 7. Bc4
{[%clk 1:19:08]} Bb4 {[%clk 1:29:27]} 8. O-O {[%clk 1:09:03]} Nc6
{[%clk 1:25:25]} 9. a3 {[%clk 1:02:45]} Bxc3 {[%clk 1:25:30]} 10. bxc3
{[%clk 1:00:34]} O-O {[%clk 1:21:50]} 11. a4 {[%clk 0:54:35]} Bg4
{[%clk 1:09:04]} 12. Bb5 {[%clk 0:49:40]} Ne4 {[%clk 0:42:00]} 13. Be1
{[%clk 0:46:34]} a6 {[%clk 0:36:25]} 14. c4 {[%clk 0:46:43]} Qb6 {[%clk 0:27:57]}
15. c5 {[%clk 0:46:00]} Qa7 {[%clk 0:28:18]} 16. Bxc6 {[%clk 0:45:32]} bxc6
{[%clk 0:28:42]} 17. h3 {[%clk 0:35:47]} Bxf3 {[%clk 0:21:26]} 18. Qxf3
{[%clk 0:35:22]} f5 {[%clk 0:21:48]} 19. Qb3 {[%clk 0:32:52]} Kf7
{[%clk 0:20:10]} 20. Ba5 {[%clk 0:32:06]} Rfd8 {[%clk 0:15:51]} 21. Qe3
{[%clk 0:29:32]} Qb8 {[%clk 0:11:20]} 22. Rfe1 {[%clk 0:26:20]} Qc8
{[%clk 0:10:35]} 23. Rab1 {[%clk 0:25:32]} Qd7 {[%clk 0:10:26]} 24. Rb7
{[%clk 0:25:26]} Rac8 {[%clk 0:07:29]} 25. Reb1 {[%clk 0:22:09]} Kg8
{[%clk 0:02:28]} 26. c3 {[%clk 0:20:59]} Qd5 {[%clk 0:01:34]} 27. Bxc7
{[%clk 0:20:49]} Rd7 {[%clk 0:01:02]} 28. Be5 {[%clk 0:20:49]} Rcd8
{[%clk 0:01:27]} 29. f3 {[%clk 0:20:12]} Nd2 {[%clk 0:01:35]} 30. Rxd7
{[%clk 0:19:49]} Rxd7 {[%clk 0:02:00]} 31. Rb8+ {[%clk 0:19:55]} Kf7
{[%clk 0:02:11]} 32. Qg5 {[%clk 0:20:09]} Nxf3+ {[%clk 0:02:20]} 33. gxf3
{[%clk 0:20:29]} 1-0

[Event "Open Praha 2018 - A"]
[Site "?"]
[Date "2018.01.12"]
[Round "1"]
[White "Lee, Jun Wei"]
[Black "Pena Gomez, Manuel"]
[Result "0-1"]
[BlackElo "2491"]
[WhiteElo "2064"]
[LiveChessVersion "1.4.8"]

1. d4 {[%clk 1:30:57]} Nf6 {[%clk 1:30:52]} 2. c4 {[%clk 1:31:12]} c5
{[%clk 1:30:55]} 3. d5 {[%clk 1:31:09]} e6 {[%clk 1:31:23]} 4. Nc3
{[%clk 1:30:51]} exd5 {[%clk 1:31:50]} 5. cxd5 {[%clk 1:31:15]} d6
{[%clk 1:32:17]} 6. e4 {[%clk 1:30:37]} g6 {[%clk 1:32:44]} 7. Bd3
{[%clk 1:29:45]} Bg7 {[%clk 1:33:06]} 8. h3 {[%clk 1:29:39]} O-O {[%clk 1:33:29]}
9. Nf3 {[%clk 1:29:36]} Nh5 {[%clk 1:30:33]} 10. O-O {[%clk 1:25:23]} Nd7
{[%clk 1:30:15]} 11. Bg5 {[%clk 1:09:34]} Bf6 {[%clk 1:30:16]} 12. Be3
{[%clk 1:09:17]} a6 {[%clk 1:25:06]} 13. a4 {[%clk 1:08:08]} Rb8 {[%clk 1:15:14]}
14. Nd2 {[%clk 1:01:13]} Bg7 {[%clk 1:11:31]} 15. a5 {[%clk 0:46:40]} Qh4
{[%clk 0:59:46]} 16. f4 {[%clk 0:39:52]} b5 {[%clk 0:47:51]} 17. axb6
{[%clk 0:37:00]} Rxb6 {[%clk 0:48:06]} 18. Ra2 {[%clk 0:35:11]} Rb4
{[%clk 0:42:39]} 19. Nc4 {[%clk 0:30:36]} Bd4 {[%clk 0:30:08]} 20. Bxd4
{[%clk 0:20:07]} cxd4 {[%clk 0:30:31]} 21. Ne2 {[%clk 0:20:33]} Nc5
{[%clk 0:30:33]} 22. Qd2 {[%clk 0:05:24]} Rb3 {[%clk 0:25:38]} 23. Nc1
{[%clk 0:03:42]} Ng3 {[%clk 0:21:19]} 24. Nxb3 {[%clk 0:02:50]} Nxf1
{[%clk 0:21:05]} 25. Bxf1 {[%clk 0:02:48]} Nxb3 {[%clk 0:21:30]} 26. Qf2
{[%clk 0:01:47]} Qxf2+ {[%clk 0:19:51]} 27. Kxf2 {[%clk 0:02:15]} Rd8
{[%clk 0:20:16]} 28. Kf3 {[%clk 0:00:56]} f5 {[%clk 0:16:36]} 29. exf5
{[%clk 0:00:34]} Bb7 {[%clk 0:15:52]} 30. Nb6 {[%clk 0:00:34]} Nd2+
{[%clk 0:09:47]} 31. Ke2 {[%clk 0:00:41]} Nxf1 {[%clk 0:10:13]} 32. Kxf1
{[%clk 0:01:08]} gxf5 {[%clk 0:09:53]} 33. Ra4 {[%clk 0:00:54]} d3
{[%clk 0:10:02]} 34. Rd4 {[%clk 0:01:03]} a5 {[%clk 0:07:34]} 35. Nc4
{[%clk 0:00:34]} Ba6 {[%clk 0:07:24]} 36. Ne3 {[%clk 0:00:35]} Rb8
{[%clk 0:07:15]} 37. Nd1 {[%clk 0:00:38]} Rc8 {[%clk 0:06:08]} 38. Nc3
{[%clk 0:00:32]} a4 {[%clk 0:06:29]} 39. Nxa4 d2+ {[%clk 0:06:53]} 40. Kf2
{[%clk 0:00:58]} Rc4 {[%clk 0:07:20]} 0-1

[Event "Open Praha 2018 - A"]
[Site "?"]
[Date "2018.01.12"]
[Round "1"]
[White "Chernyshov, Konstantin"]
[Black "Mulenko, Alexander"]
[Result "1/2-1/2"]
[BlackElo "2064"]
[WhiteElo "2480"]
[LiveChessVersion "1.4.8"]

1. d4 {[%clk 1:30:42]} Nf6 {[%clk 1:30:43]} 2. Bg5 {[%clk 1:30:47]} e6
{[%clk 1:30:33]} 3. e4 {[%clk 1:30:52]} h6 {[%clk 1:30:51]} 4. Bxf6
{[%clk 1:31:16]} Qxf6 {[%clk 1:31:14]} 5. Nf3 {[%clk 1:31:41]} d6
{[%clk 1:29:36]} 6. Nc3 {[%clk 1:32:04]} c6 {[%clk 1:29:01]} 7. e5
{[%clk 1:27:23]} Qd8 {[%clk 1:28:47]} 8. exd6 {[%clk 1:26:05]} Bxd6
{[%clk 1:28:46]} 9. Ne4 {[%clk 1:26:22]} Be7 {[%clk 1:27:46]} 10. c3
{[%clk 1:26:32]} Nd7 {[%clk 1:27:19]} 11. Bd3 {[%clk 1:26:13]} Qc7
{[%clk 1:26:42]} 12. Qe2 {[%clk 1:24:11]} b6 {[%clk 1:25:39]} 13. O-O
{[%clk 1:23:01]} Bb7 {[%clk 1:25:36]} 14. a4 {[%clk 1:22:48]} a5 {[%clk 1:24:27]}
15. Rfe1 {[%clk 1:16:21]} O-O {[%clk 1:23:27]} 16. Rad1 {[%clk 1:13:16]} Rfe8
{[%clk 1:20:11]} 17. Bb1 {[%clk 1:10:01]} Bf8 {[%clk 1:19:26]} 18. h4
{[%clk 1:02:33]} c5 {[%clk 1:15:08]} 19. Ne5 {[%clk 0:48:32]} Nxe5
{[%clk 1:11:37]} 20. dxe5 {[%clk 0:48:54]} Qxe5 {[%clk 1:09:50]} 21. Qc2
{[%clk 0:46:39]} Qf5 {[%clk 1:05:57]} 22. Qb3 {[%clk 0:43:28]} Qg4
{[%clk 1:02:22]} 23. Qxb6 {[%clk 0:41:00]} Rab8 {[%clk 1:01:59]} 24. Qxa5
{[%clk 0:38:57]} f5 {[%clk 1:00:14]} 25. f3 {[%clk 0:38:11]} Qxh4
{[%clk 1:00:15]} 26. Nf2 {[%clk 0:38:05]} Bxf3 {[%clk 0:59:12]} 27. Rd3
{[%clk 0:30:56]} Bd5 {[%clk 0:55:47]} 28. Qc7 {[%clk 0:26:35]} Rxb2
{[%clk 0:48:04]} 29. g3 {[%clk 0:25:58]} Qxa4 {[%clk 0:47:08]} 30. Rde3
{[%clk 0:25:55]} Reb8 {[%clk 0:39:34]} 31. Bd3 {[%clk 0:24:58]} c4
{[%clk 0:39:07]} 32. Bf1 {[%clk 0:24:58]} Qb5 {[%clk 0:36:25]} 33. Rxe6
{[%clk 0:21:59]} Bxe6 {[%clk 0:36:20]} 34. Rxe6 {[%clk 0:22:25]} Qc5
{[%clk 0:33:46]} 35. Qf4 {[%clk 0:22:49]} g5 {[%clk 0:27:30]} 36. Qf3
{[%clk 0:21:02]} Rxf2 {[%clk 0:20:55]} 37. Qxf2 {[%clk 0:21:02]} Qxf2+
{[%clk 0:21:08]} 38. Kxf2 {[%clk 0:21:27]} Rc8 {[%clk 0:21:24]} 39. Ra6
{[%clk 0:17:09]} Bg7 {[%clk 0:21:08]} 40. Ra4 {[%clk 0:17:14]} Bxc3
{[%clk 0:21:00]} 41. Bxc4+ {[%clk 0:12:27]} Kg7 {[%clk 0:20:19]} 42. Kf3
{[%clk 0:11:49]} Be5 {[%clk 0:19:20]} 43. g4 {[%clk 0:11:37]} fxg4+
{[%clk 0:17:40]} 44. Kxg4 {[%clk 0:12:02]} Rc7 {[%clk 0:17:03]} 45. Bd5
{[%clk 0:11:03]} Rd7 {[%clk 0:14:43]} 46. Be4 {[%clk 0:08:19]} Rd4
{[%clk 0:14:26]} 1/2-1/2

[Event "Open Praha 2018 - A"]
[Site "?"]
[Date "2018.01.12"]
[Round "1"]
[White "Proschmann, Tino"]
[Black "Jurcik, Marian"]
[Result "0-1"]
[BlackElo "2460"]
[WhiteElo "2061"]
[LiveChessVersion "1.4.8"]

1. e4 {[%clk 1:30:55]} e5 {[%clk 1:30:34]} 2. Nf3 {[%clk 1:31:12]} Nc6
{[%clk 1:30:47]} 3. Bb5 {[%clk 1:31:03]} a6 {[%clk 1:31:05]} 4. Bxc6
{[%clk 1:31:27]} dxc6 {[%clk 1:31:27]} 5. O-O {[%clk 1:31:31]} Bg4
{[%clk 1:29:00]} 6. h3 {[%clk 1:31:43]} h5 {[%clk 1:19:10]} 7. d3
{[%clk 1:31:27]} Qf6 {[%clk 1:18:22]} 8. Nbd2 {[%clk 1:31:05]} g5
{[%clk 1:14:04]} 9. Nc4 {[%clk 1:29:26]} Bxf3 {[%clk 1:12:09]} 10. Qxf3
{[%clk 1:29:31]} Qxf3 {[%clk 1:12:30]} 11. gxf3 {[%clk 1:29:50]} f6
{[%clk 1:12:41]} 12. Ne3 {[%clk 1:25:27]} Nh6 {[%clk 1:07:48]} 13. Kg2
{[%clk 1:20:37]} Bc5 {[%clk 1:05:03]} 14. Nf5 {[%clk 1:10:51]} Nxf5
{[%clk 1:04:19]} 15. exf5 {[%clk 1:11:15]} Rd8 {[%clk 0:58:25]} 16. Be3
{[%clk 1:09:58]} Bd4 {[%clk 0:58:14]} 17. Rad1 {[%clk 1:06:59]} Kf7
{[%clk 0:57:43]} 18. a4 {[%clk 0:59:15]} Rd5 {[%clk 0:55:16]} 19. b4
{[%clk 0:41:22]} b6 {[%clk 0:51:21]} 20. Rb1 {[%clk 0:35:59]} Ra8
{[%clk 0:46:22]} 21. Rfd1 {[%clk 0:18:32]} a5 {[%clk 0:44:31]} 22. c4
{[%clk 0:11:21]} Rd7 {[%clk 0:43:34]} 23. b5 {[%clk 0:10:47]} c5 {[%clk 0:28:48]}
24. Rb3 {[%clk 0:09:15]} Rg8 {[%clk 0:28:13]} 25. Rbb1 {[%clk 0:08:05]} Ke8
{[%clk 0:24:03]} 26. Kg3 {[%clk 0:07:15]} Bc3 {[%clk 0:17:17]} 27. Rb3
{[%clk 0:06:04]} Bb4 {[%clk 0:17:45]} 28. Kg2 {[%clk 0:04:30]} Rh7
{[%clk 0:11:24]} 29. Kg3 {[%clk 0:02:50]} Rhg7 {[%clk 0:06:12]} 30. Rbb1
{[%clk 0:02:15]} g4 {[%clk 0:05:21]} 31. fxg4 {[%clk 0:02:30]} hxg4
{[%clk 0:05:50]} 32. h4 {[%clk 0:02:36]} Rh8 {[%clk 0:06:06]} 33. Rh1
{[%clk 0:02:38]} Rh5 {[%clk 0:06:34]} 34. Rbd1 {[%clk 0:01:24]} Ke7
{[%clk 0:05:53]} 35. Rdf1 {[%clk 0:01:25]} Kd6 {[%clk 0:04:38]} 36. Rd1
{[%clk 0:01:40]} Bc3 {[%clk 0:04:56]} 37. Rdf1 {[%clk 0:00:48]} Bd4
{[%clk 0:04:58]} 38. Bd2 {[%clk 0:01:06]} Rxf5 {[%clk 0:05:01]} 39. h5
{[%clk 0:01:32]} Rf3+ {[%clk 0:05:19]} 40. Kg2 {[%clk 0:01:29]} Rxd3
{[%clk 0:05:19]} 41. Bh6 {[%clk 0:00:33]} Rg8 {[%clk 0:05:19]} 42. Bc1
{[%clk 0:30:01]} g3 {[%clk 0:34:24]} 43. f4 {[%clk 0:28:16]} Rc3 {[%clk 0:25:50]}
44. fxe5+ {[%clk 0:25:16]} Bxe5 {[%clk 0:25:58]} 45. h6 {[%clk 0:24:20]} Rc2+
{[%clk 0:26:25]} 46. Kf3 {[%clk 0:24:15]} g2 {[%clk 0:26:32]} 47. Rd1+
{[%clk 0:24:17]} Ke6 {[%clk 0:26:58]} 48. Rhg1 {[%clk 0:19:55]} Rg3+
{[%clk 0:27:20]} 0-1

[Event "Open Praha 2018 - A"]
[Site "?"]
[Date "2018.01.12"]
[Round "1"]
[White "Neuman, Petr"]
[Black "Kastner, Oldrich"]
[Result "1-0"]
[BlackElo "2060"]
[WhiteElo "2452"]
[LiveChessVersion "1.4.8"]

1. d4 {[%clk 1:30:57]} e6 {[%clk 1:30:14]} 2. e4 {[%clk 1:31:23]} d5
{[%clk 1:30:26]} 3. Nd2 {[%clk 1:31:49]} Be7 {[%clk 1:29:49]} 4. Bd3
{[%clk 1:31:44]} c5 {[%clk 1:29:16]} 5. dxc5 {[%clk 1:32:09]} a5 {[%clk 1:28:54]}
6. Ngf3 {[%clk 1:31:40]} Na6 {[%clk 1:28:50]} 7. exd5 {[%clk 1:31:00]} Qxd5
{[%clk 1:26:19]} 8. Bb5+ {[%clk 1:28:35]} Kf8 {[%clk 1:17:25]} 9. O-O
{[%clk 1:28:52]} Nxc5 {[%clk 1:14:54]} 10. Qe2 {[%clk 1:29:02]} Bd7
{[%clk 1:12:32]} 11. Bxd7 {[%clk 1:29:00]} Qxd7 {[%clk 1:09:31]} 12. Nc4
{[%clk 1:28:31]} Qb5 {[%clk 1:04:21]} 13. a4 {[%clk 1:28:22]} Qa6
{[%clk 1:03:16]} 14. b3 {[%clk 1:28:44]} Nf6 {[%clk 1:01:44]} 15. Bb2
{[%clk 1:28:17]} h5 {[%clk 0:55:59]} 16. Rfe1 {[%clk 1:26:47]} h4
{[%clk 0:53:04]} 17. h3 {[%clk 1:27:01]} Rd8 {[%clk 0:48:08]} 18. Rad1
{[%clk 1:26:11]} Rxd1 {[%clk 0:47:42]} 19. Rxd1 {[%clk 1:26:24]} Nfe4
{[%clk 0:43:06]} 20. Nfd2 {[%clk 1:24:49]} f5 {[%clk 0:35:59]} 21. Nxe4
{[%clk 1:22:47]} Nxe4 {[%clk 0:35:45]} 22. f3 {[%clk 1:21:38]} Qa7+
{[%clk 0:15:49]} 23. Bd4 {[%clk 1:20:31]} Bc5 {[%clk 0:15:07]} 24. Qe3
{[%clk 1:20:38]} Bxd4 {[%clk 0:13:35]} 25. Rxd4 {[%clk 1:19:44]} 1-0

[Event "Open Praha 2018 - A"]
[Site "?"]
[Date "2018.01.12"]
[Round "1"]
[White "Zemlicka, Vit"]
[Black "Solozhenkin, Evgeniy"]
[Result "0-1"]
[BlackElo "2451"]
[WhiteElo "2059"]
[LiveChessVersion "1.4.8"]

1. e4 {[%clk 1:30:57]} c5 {[%clk 1:30:35]} 2. Nf3 {[%clk 1:31:20]} e6
{[%clk 1:30:54]} 3. d4 {[%clk 1:31:32]} cxd4 {[%clk 1:31:20]} 4. Nxd4
{[%clk 1:31:55]} a6 {[%clk 1:31:47]} 5. Nc3 {[%clk 1:31:57]} b5 {[%clk 1:32:04]}
6. Bd3 {[%clk 1:30:00]} Qb6 {[%clk 1:32:24]} 7. Nf3 {[%clk 1:29:08]} Qc7
{[%clk 1:29:56]} 8. O-O {[%clk 1:27:41]} Nc6 {[%clk 1:26:22]} 9. e5
{[%clk 1:11:06]} Bb7 {[%clk 0:56:19]} 10. Re1 {[%clk 1:03:35]} Nge7
{[%clk 0:47:44]} 11. Bf4 {[%clk 0:57:12]} Ng6 {[%clk 0:40:28]} 12. Bg3
{[%clk 0:55:55]} Bb4 {[%clk 0:40:51]} 13. a4 {[%clk 0:46:31]} Bxc3
{[%clk 0:38:14]} 14. bxc3 {[%clk 0:46:55]} b4 {[%clk 0:38:23]} 15. c4
{[%clk 0:41:09]} Rc8 {[%clk 0:27:58]} 16. Qe2 {[%clk 0:38:37]} Nce7
{[%clk 0:26:41]} 17. h4 {[%clk 0:32:53]} Bxf3 {[%clk 0:24:04]} 18. Qxf3
{[%clk 0:32:51]} h5 {[%clk 0:24:31]} 19. Qe3 {[%clk 0:26:15]} a5 {[%clk 0:20:48]}
20. Qg5 {[%clk 0:22:37]} Qb6 {[%clk 0:19:15]} 21. Rad1 {[%clk 0:19:54]} Rc5
{[%clk 0:18:46]} 22. Qe3 {[%clk 0:17:27]} Qc7 {[%clk 0:14:56]} 23. Rd2
{[%clk 0:14:07]} O-O {[%clk 0:12:13]} 24. Qg5 {[%clk 0:12:53]} Rxc4
{[%clk 0:07:48]} 25. Qxh5 {[%clk 0:09:30]} Rd4 {[%clk 0:04:35]} 26. Qg5
{[%clk 0:08:37]} Qc3 {[%clk 0:03:20]} 27. h5 {[%clk 0:07:01]} b3 {[%clk 0:03:26]}
28. hxg6 {[%clk 0:02:50]} Nxg6 {[%clk 0:03:51]} 29. Rde2 {[%clk 0:02:01]} b2
{[%clk 0:04:02]} 30. Bxg6 {[%clk 0:01:42]} fxg6 {[%clk 0:04:24]} 31. Qe3
{[%clk 0:01:32]} Qxe3 {[%clk 0:03:31]} 32. Rxe3 {[%clk 0:01:28]} Rc8
{[%clk 0:03:57]} 33. c3 {[%clk 0:00:38]} Rxa4 {[%clk 0:04:21]} 34. R3e2
{[%clk 0:00:33]} Ra1 {[%clk 0:04:05]} 35. Rxb2 {[%clk 0:00:32]} Rxe1+
{[%clk 0:04:30]} 36. Kh2 {[%clk 0:00:59]} a4 {[%clk 0:03:40]} 37. Rb7
{[%clk 0:00:48]} Ra8 {[%clk 0:03:49]} 38. Bh4 {[%clk 0:00:31]} a3
{[%clk 0:03:59]} 0-1

[Event "Open Praha 2018 - A"]
[Site "?"]
[Date "2018.01.12"]
[Round "1"]
[White "Pacher, Milan"]
[Black "Czernek, Tymon"]
[Result "1-0"]
[BlackElo "2050"]
[WhiteElo "2444"]
[LiveChessVersion "1.4.8"]

1. e4 {[%clk 1:29:26]} c5 {[%clk 1:30:45]} 2. Nf3 {[%clk 1:29:49]} d6
{[%clk 1:31:09]} 3. d4 {[%clk 1:30:13]} cxd4 {[%clk 1:31:36]} 4. Nxd4
{[%clk 1:30:39]} Nf6 {[%clk 1:31:58]} 5. Nc3 {[%clk 1:31:04]} a6 {[%clk 1:32:23]}
6. Be2 {[%clk 1:31:01]} e5 {[%clk 1:32:46]} 7. Nf3 {[%clk 1:31:04]} Be7
{[%clk 1:30:50]} 8. O-O {[%clk 1:30:20]} O-O {[%clk 1:31:03]} 9. a4
{[%clk 1:29:59]} Nc6 {[%clk 1:28:45]} 10. Bg5 {[%clk 1:29:48]} Be6
{[%clk 1:28:20]} 11. Bxf6 {[%clk 1:27:53]} Bxf6 {[%clk 1:28:42]} 12. Nd5
{[%clk 1:28:17]} Bxd5 {[%clk 1:28:11]} 13. Qxd5 {[%clk 1:28:21]} Qc7
{[%clk 1:27:09]} 14. c3 {[%clk 1:27:46]} Ne7 {[%clk 1:23:02]} 15. Qb3
{[%clk 1:27:20]} Rac8 {[%clk 1:18:00]} 16. Nd2 {[%clk 1:24:34]} Rfd8
{[%clk 1:16:27]} 17. Bc4 {[%clk 1:20:18]} Nc6 {[%clk 1:04:37]} 18. Bd5
{[%clk 1:20:31]} Rd7 {[%clk 1:03:05]} 19. g3 {[%clk 1:15:30]} Rf8
{[%clk 1:00:54]} 20. Nc4 {[%clk 1:15:11]} Na5 {[%clk 0:59:30]} 21. Nxa5
{[%clk 1:15:29]} Qxa5 {[%clk 0:59:56]} 22. h4 {[%clk 1:14:21]} Qd8
{[%clk 0:55:45]} 23. Bxb7 {[%clk 1:12:44]} Bxh4 {[%clk 0:53:54]} 24. Bxa6
{[%clk 1:12:36]} Qg5 {[%clk 0:52:24]} 25. c4 {[%clk 1:11:45]} Qg6
{[%clk 0:47:48]} 26. Bb5 {[%clk 1:08:20]} Re7 {[%clk 0:44:44]} 27. a5
{[%clk 1:08:00]} Qxe4 {[%clk 0:31:33]} 28. a6 {[%clk 1:05:08]} Re6
{[%clk 0:31:35]} 29. Rfe1 {[%clk 1:04:57]} Qa8 {[%clk 0:28:44]} 30. gxh4
{[%clk 1:04:43]} Rg6+ {[%clk 0:28:58]} 31. Kf1 {[%clk 1:05:09]} Qg2+
{[%clk 0:29:17]} 32. Ke2 {[%clk 1:05:35]} Rf6 {[%clk 0:29:18]} 33. Qe3
{[%clk 1:05:42]} e4 {[%clk 0:28:26]} 34. Rg1 {[%clk 1:05:47]} Qh2
{[%clk 0:28:38]} 35. a7 {[%clk 1:05:51]} Rf3 {[%clk 0:27:43]} 36. Qd4
{[%clk 1:06:15]} 1-0

[Event "Open Praha 2018 - A"]
[Site "?"]
[Date "2018.01.12"]
[Round "1"]
[White "Nemcova, Karin"]
[Black "Vichnar, David"]
[Result "0-1"]
[BlackElo "2443"]
[WhiteElo "2050"]
[LiveChessVersion "1.4.8"]

1. e4 {[%clk 1:30:57]} c5 {[%clk 1:30:50]} 2. Nf3 {[%clk 1:31:14]} e6
{[%clk 1:31:14]} 3. d4 {[%clk 1:31:33]} cxd4 {[%clk 1:31:38]} 4. Nxd4
{[%clk 1:31:55]} Nc6 {[%clk 1:32:02]} 5. Nc3 {[%clk 1:32:02]} Qc7
{[%clk 1:32:24]} 6. Be3 {[%clk 1:30:25]} a6 {[%clk 1:32:46]} 7. Be2
{[%clk 1:30:48]} Nf6 {[%clk 1:33:05]} 8. O-O {[%clk 1:30:47]} Bb4
{[%clk 1:33:27]} 9. Na4 {[%clk 1:30:40]} O-O {[%clk 1:33:45]} 10. Nxc6
{[%clk 1:26:16]} bxc6 {[%clk 1:34:08]} 11. Nb6 {[%clk 1:24:58]} Rb8
{[%clk 1:34:30]} 12. Nxc8 {[%clk 1:24:21]} Rfxc8 {[%clk 1:34:53]} 13. Bxa6
{[%clk 1:14:25]} Rd8 {[%clk 1:35:14]} 14. Bd3 {[%clk 1:11:46]} Bd6
{[%clk 1:35:32]} 15. f4 {[%clk 1:09:24]} e5 {[%clk 1:30:52]} 16. b3
{[%clk 1:07:39]} exf4 {[%clk 1:22:43]} 17. Bf2 {[%clk 1:00:42]} Be5
{[%clk 1:21:33]} 18. Rb1 {[%clk 1:01:05]} d5 {[%clk 1:21:13]} 19. Qf3
{[%clk 0:59:41]} g5 {[%clk 1:14:32]} 20. h3 {[%clk 0:53:08]} h5 {[%clk 1:14:54]}
21. g4 {[%clk 0:51:58]} hxg4 {[%clk 1:05:05]} 22. hxg4 {[%clk 0:52:18]} d4
{[%clk 1:05:23]} 23. Kg2 {[%clk 0:47:11]} Nd7 {[%clk 1:05:36]} 24. Qh3
{[%clk 0:45:30]} Bg7 {[%clk 1:05:47]} 25. Rh1 {[%clk 0:27:57]} Kf8
{[%clk 1:05:57]} 26. Qh5 {[%clk 0:22:50]} Qe5 {[%clk 1:06:05]} 27. Rbe1
{[%clk 0:20:37]} Nf6 {[%clk 1:03:56]} 28. Qh3 {[%clk 0:20:50]} c5
{[%clk 1:03:41]} 29. Qf3 {[%clk 0:15:58]} Re8 {[%clk 1:02:30]} 30. a4
{[%clk 0:12:33]} Qe6 {[%clk 0:59:45]} 31. Bb5 {[%clk 0:11:26]} Re7
{[%clk 0:59:41]} 32. Kh3 {[%clk 0:09:46]} Nxe4 {[%clk 0:56:40]} 33. Bd3
{[%clk 0:05:59]} Nxf2+ {[%clk 0:55:22]} 34. Qxf2 {[%clk 0:06:19]} Qd5
{[%clk 0:55:44]} 35. Rxe7 {[%clk 0:06:21]} Qxh1+ {[%clk 0:56:06]} 0-1

[Event "Open Praha 2018 - A"]
[Site "?"]
[Date "2018.01.12"]
[Round "1"]
[White "Smith, Bryan"]
[Black "Patil, Mitali Madhukar"]
[Result "0-1"]
[BlackElo "2048"]
[WhiteElo "2439"]
[LiveChessVersion "1.4.8"]

1. e4 d5 2. exd5 Nf6 3. Nf3 Nxd5 4. d4 Bg4 5. h3 Bxf3 6. Qxf3 c6 7. Bc4 e6 8. Bb3
Qf6 9. Qg4 Bd6 10. Nd2 h5 11. Qe4 Qf4 12. Qd3 Nb4 13. Qe2 Qxd4 14. Nc4 Bc7 15.
Be3 Qf6 16. O-O-O Nd5 17. Bc5 Nd7 18. Nd6+ Bxd6 19. Bxd6 O-O-O 20. c4 Qg5+ 21.
Kb1 N5f6 22. f4 Qa5 23. Qe3 h4 24. Rd4 Rh5 25. Rhd1 Re8 26. Bc2 e5 27. fxe5 Nxe5
28. Qf2 Ned7 29. b4 Qa3 30. Bf5 Re3 31. b5 c5 32. R4d2 Rxf5 33. Qxf5 Ne4 34. Rc2
Nxd6 35. Qd5 Re6 36. Rd3 Qb4+ 37. Rb3 Qe1+ 38. Kb2 Qe5+ 39. Qxe5 Nxe5 40. Rbc3 b6
41. Kb3 Nf5 42. Rf2 Nd4+ 43. Kb2 0-1

[Event "Open Praha 2018 - A"]
[Site "?"]
[Date "2018.01.12"]
[Round "1"]
[White "Plasil, Petr"]
[Black "Low, Zhen Yu Cyrus"]
[Result "0-1"]
[BlackElo "2437"]
[WhiteElo "2045"]
[LiveChessVersion "1.4.8"]

1. d4 {[%clk 1:30:56]} Nf6 {[%clk 1:30:56]} 2. c4 {[%clk 1:31:22]} g6
{[%clk 1:31:21]} 3. Nc3 {[%clk 1:31:48]} d5 {[%clk 1:31:46]} 4. cxd5
{[%clk 1:32:15]} Nxd5 {[%clk 1:32:10]} 5. e4 {[%clk 1:32:39]} Nxc3
{[%clk 1:32:36]} 6. bxc3 {[%clk 1:33:04]} Bg7 {[%clk 1:33:03]} 7. Nf3
{[%clk 1:33:26]} c5 {[%clk 1:33:23]} 8. Rb1 {[%clk 1:33:51]} O-O {[%clk 1:33:35]}
9. Be2 {[%clk 1:34:17]} b6 {[%clk 1:30:57]} 10. O-O {[%clk 1:29:15]} Bb7
{[%clk 1:31:16]} 11. Qd3 {[%clk 1:28:29]} Nd7 {[%clk 1:24:30]} 12. Qe3
{[%clk 1:12:19]} Qc7 {[%clk 1:21:23]} 13. Ba3 {[%clk 1:09:01]} Rac8
{[%clk 1:17:18]} 14. d5 {[%clk 0:56:14]} e6 {[%clk 1:14:56]} 15. dxe6
{[%clk 0:44:48]} fxe6 {[%clk 1:14:52]} 16. Bc4 {[%clk 0:42:50]} Rce8
{[%clk 1:02:35]} 17. Ng5 {[%clk 0:37:49]} Rf6 {[%clk 1:02:20]} 18. f4
{[%clk 0:28:22]} Kh8 {[%clk 0:44:41]} 19. Bxe6 {[%clk 0:19:09]} Rfxe6
{[%clk 0:43:15]} 20. Qh3 {[%clk 0:19:35]} Nf8 {[%clk 0:43:36]} 21. Nxe6
{[%clk 0:13:05]} Nxe6 {[%clk 0:43:41]} 22. e5 {[%clk 0:10:35]} Qc6
{[%clk 0:41:21]} 23. Rbd1 {[%clk 0:08:15]} Ba6 {[%clk 0:30:50]} 24. Rd6
{[%clk 0:03:24]} Qb5 {[%clk 0:30:18]} 25. Rfd1 {[%clk 0:03:52]} Nxf4
{[%clk 0:30:26]} 26. Qh4 {[%clk 0:02:44]} Ne2+ {[%clk 0:26:40]} 27. Kh1
{[%clk 0:03:12]} Nxc3 {[%clk 0:26:58]} 28. Re1 {[%clk 0:01:25]} Bxe5
{[%clk 0:25:14]} 29. Rxg6 {[%clk 0:00:49]} Rf8 {[%clk 0:24:47]} 30. Rg1
{[%clk 0:00:37]} Qf1 {[%clk 0:24:33]} 31. Bxc5 {[%clk 0:00:34]} bxc5
{[%clk 0:24:50]} 32. Rxa6 {[%clk 0:00:52]} Qxg1+ {[%clk 0:25:13]} 33. Kxg1
{[%clk 0:00:57]} Ne2+ {[%clk 0:25:34]} 0-1